000 00857nam a22002657a 4500
001 3762
003 FISKH
005 20240430144158.0
008 240430b cb ||||| |||| 00| 0 eng d
020 _a0871131277
040 _aFISKH
_beng
_cFISKH
_dFISKH
050 _aPZ7
082 _aFic
100 _aWabbes, Marie
_eauthor
245 _aGood night, little rabbit /
_cMarie Wabbes
260 _aLondon :
_bWalker Books ,
_c1987
300 _a17​ unnumbered pages :
_bcolor illustrations ;
_c18 cm .
505 _aF
520 _aLittle Rabbit prepares for his bedtime by taking a bath, having a carrot treat, putting on his pajamas, brushing his teeth, and locating his favorite toy.
521 8 _a300
_bLexile estimate
521 8 _aF
_bRaz-Plus
650 _aRabbit
_vFiction
942 _2ddc
_cBK
_n0
999 _c3762
_d3762